Halloween fraidy cat / by Abby Klein ; illustrated by John McKinley.
Everyone's favorite first grader is back in a Halloween adventure! Freddy Thresher knows that goblins aren’t real, and that haunted houses aren’t really haunted. Or are they?Freddy loves Halloween, but even a scary mask can send chills up his spine. If Freddy can’t overcome his fears before Chloe’s big Halloween party, he’ll look like a fraidy-cat in front of the whole class!
Record details
- ISBN: 1415684537
- ISBN: 9781415684535
- Physical Description: 95 pages : illustrations ; 19 cm.
- Publisher: New York : Blue Sky Press, 2006.
Search for related items by subject
| Subject: | Fear > Juvenile fiction. Haunted houses > Juvenile fiction. Halloween > Juvenile fiction. Parties > Juvenile fiction. |
| Genre: | Fiction. Juvenile works. |
Search for related items by series
Available copies
- 1 of 1 copy available at scottsboropl.
Holds
- 0 current holds with 1 total copy.
Show Only Available Copies
| Location | Call Number / Copy Notes | Barcode | Shelving Location | Status | Due Date |
|---|---|---|---|---|---|
| scottsboropl | JF Kle | 32269000868680 | Juvenile - Fiction | Available | - |
| LDR | 01691cam a2200481 a 4500 | ||
|---|---|---|---|
| 001 | 132880 | ||
| 003 | SBPL | ||
| 005 | 20191011074422.0 | ||
| 008 | 060123s2006 nyua b 000 1 eng | ||
| 010 | . | ‡a 2006002228 | |
| 020 | . | ‡a1415684537 ‡q(BWI bdg.) | |
| 020 | . | ‡a9781415684535 ‡q(BWI bdg.) | |
| 035 | . | ‡a(CONS)132880 | |
| 035 | . | ‡a(OCoLC)522747675 | |
| 050 | 0 | 0. | ‡aPZ7.K678323 ‡bHaf 2006 |
| 082 | 0 | 0. | ‡a[E] ‡222 |
| 100 | 1 | . | ‡aKlein, Abby. : ‡eauthor |
| 245 | 1 | 0. | ‡aHalloween fraidy cat / ‡cby Abby Klein ; illustrated by John McKinley. |
| 260 | . | ‡aNew York : ‡bBlue Sky Press, ‡c2006. | |
| 300 | . | ‡a95 pages : ‡billustrations ; ‡c19 cm. | |
| 336 | . | ‡atext ‡btxt ‡2rdacontent | |
| 337 | . | ‡aunmediated ‡bn ‡2rdamedia | |
| 338 | . | ‡avolume ‡bnc ‡2rdacarrier | |
| 490 | 1 | . | ‡aReady, Freddy! : ‡vBk 8 |
| 520 | . | ‡aEveryone's favorite first grader is back in a Halloween adventure! Freddy Thresher knows that goblins aren’t real, and that haunted houses aren’t really haunted. Or are they?Freddy loves Halloween, but even a scary mask can send chills up his spine. If Freddy can’t overcome his fears before Chloe’s big Halloween party, he’ll look like a fraidy-cat in front of the whole class! | |
| 650 | 0. | ‡aFear ‡vJuvenile fiction. | |
| 650 | 0. | ‡aHaunted houses ‡vJuvenile fiction. | |
| 650 | 0. | ‡aHalloween ‡vJuvenile fiction. | |
| 650 | 0. | ‡aParties ‡vJuvenile fiction. | |
| 655 | 7. | ‡aFiction. | |
| 655 | 7. | ‡aJuvenile works. | |
| 700 | 1 | . | ‡aMcKinley, John, ‡d1956-: ‡eillustrator. |
| 800 | 1 | . | ‡aReady, Freddy! : ‡vBk 8 |
| 830 | 1 | . | ‡aKlein, Abby. ‡tReady, Freddy. |
| 901 | . | ‡a132880 ‡bUnknown ‡c132880 ‡tbiblio | |